000 00530 a2200205 4500
005 20260204151403.0
008 260204b |||||||| |||| 00| 0 eng d
020 _a9788172335410
_cRs. 3995.00
040 _aMAIN
082 _a595.7
_bT952V
100 _aTyagi, B K, ed.
110 _a
245 _aVector-borne diseases: Epidemiology and control
260 _bScientific Publishers
_c2025
_aJodhpur
300 _axxiv, 298
650 _aZoology
650 _aVector Control
650 _aInsect Vectors
942 _cBK
999 _c395065
_d395065